000 00601nam a22001697a 4500
003 OSt
005 20250710155934.0
008 250710b |||||||| |||| 00| 0 eng d
040 _cAIMIT LIBRARY
100 _aNaik, Rakshitha Manjunatha.
_e222116
_9218055
245 _aAI- enhanced confidence and pronunciation tracking /
_cBy Rakshitha Manjunatha Naik.
260 _aMangalore ;
_c2024.
700 _aPinto, Jeevan L J.
_eMentor
_9218056
700 _aKumar, Harish.
_eGuide
_9218057
856 _3Accolade Tech Solutions Private Limited, Mangalore.
_uwww.accoladetechsolutions.com
942 _2ddc
_cPRO
999 _c234614
_d234614